000 00672nam a2200265Ia 4500
005 20260302115650.0
008 008 260114s9999 xx 000 0 eng d
020 _a9798216957935
037 _aTextbook
040 _aCRL
040 _beng
040 _cCRL
041 _2eng
041 _aeng
084 _qCRL
100 _aWeldon B. Durham
_91122274
245 0 _aAmerican Theatre Companies, 1749-1887
260 _bBloomsbury
260 _bGreenwood
260 _c1986
650 _aLiterary Studies
856 _uhttps://doi.org/10.5040/9798216957935?locatt=label:secondary_bloomsburyCollections
942 _cEBOOK
999 _c1687043
_d1687043